000
00299nam a22001337a 4500
008
170511b xxu||||| |||| 00| 0 eng d
020
_a
9781422428887
041
_a
eng
080
_a
34
100
_a
15
101
_a
SHJ
245
_a
FEDERAL CONSTITUTIONAL LAW
_c
STRANG.L.J
942
_2
udc
_c
BK
999
_c
13231
_d
13231